|
|
|
|
| LEADER |
01539nam a2200385 a 4500 |
| 001 |
EBC1303747 |
| 003 |
MiAaPQ |
| 005 |
20200520144314.0 |
| 006 |
m o d | |
| 007 |
cr cn||||||||| |
| 008 |
130813s2013 enka sb 001 0 eng d |
| 020 |
|
|
|z 9781107038875
|
| 020 |
|
|
|a 9781107290372 (electronic bk.)
|
| 035 |
|
|
|a (MiAaPQ)EBC1303747
|
| 035 |
|
|
|a (Au-PeEL)EBL1303747
|
| 035 |
|
|
|a (CaPaEBR)ebr10740482
|
| 035 |
|
|
|a (CaONFJC)MIL508553
|
| 035 |
|
|
|a (OCoLC)855022906
|
| 040 |
|
|
|a MiAaPQ
|c MiAaPQ
|d MiAaPQ
|
| 043 |
|
|
|a a-cc---
|
| 050 |
|
4 |
|a HB3717 2008
|b .L56 2013
|
| 082 |
0 |
4 |
|a 330.90511
|2 23
|
| 100 |
1 |
|
|a Lin, Justin Yifu,
|d 1952-
|
| 245 |
1 |
0 |
|a Against the consensus
|h [electronic resource]
|b reflections on the great recession /
|c Justin Yifu Lin.
|
| 260 |
|
|
|a Cambridge, England :
|b Cambridge University Press,
|c c2013.
|
| 300 |
|
|
|a 1 online resource (xxix, 247 p.) :
|b ill., graphs.
|
| 504 |
|
|
|a Includes bibliographical references and index.
|
| 533 |
|
|
|a Electronic reproduction. Ann Arbor, MI : ProQuest, 2015. Available via World Wide Web. Access may be limited to ProQuest affiliated libraries.
|
| 588 |
|
|
|a Description based on online resource; title from title page (ebrary, viewed August 13, 2013).
|
| 650 |
|
0 |
|a Global Financial Crisis, 2008-2009.
|
| 650 |
|
0 |
|a Recessions
|x History
|y 21st century.
|
| 651 |
|
0 |
|a China
|x Economic policy.
|
| 655 |
|
4 |
|a Electronic books.
|
| 710 |
2 |
|
|a ProQuest (Firm)
|
| 856 |
4 |
0 |
|u https://ebookcentral.proquest.com/lib/matrademy/detail.action?docID=1303747
|z Click to View
|